000 00547nam a2200145Ia 4500
008 191206s9999 xx 000 0 und d
020 _a101399707
090 _aP23C764
245 0 _a"Agreement on the rescue of astronauts, the return of astronauts and the return of objects launched into outer space, London, Moscow and Washington, 22 April 1968"
260 _aH.M.S.O.
260 _b"Treaties, etc. (Treaty series) ; 1969, no. 56"
260 _cc1969
300 _a39 p. 25 cm.
999 _c15428
_d15428